Statistics for States and Regions of Far Cry 6*

Click here to take the quiz!

General Stats

  • This quiz has been taken 39 times
  • The average score is 11 of 20

Answers on the Map

Answers color-coded by a green-red scale on the quiz's map according to % correct below.
 

Answer Stats

Answer% Correct
Esperanza
86%
Esperanza
86%
Valle de Oro
77%
El Este
73%
Conuco
64%
Madrugada
59%
Quito
59%
Sierra Perdida
59%
Costa del Mar
55%
Isla Santuario
55%
La Joya
55%
Aguas Lindas
50%
Isla del León
50%
Lozanía
50%
Noventarmas
50%
Barrial
45%
Balaceras
36%
Vencejo
36%
Zamok Archipiélago
27%
Cruz de Salvador
23%

Score Distribution

Percentile by Number Answered

Percent of People with Each Score

Your Score History

You have not taken this quiz